Größte Orte im Kreis Steinburg - Statistiken

Allgemein
  • Dieses Quiz wurde 14 mal gespielt
  • Das Durchschnittsergebnis liegt bei 9 aus 15
Antwortstatistiken
Einwohnerzahl Ort % Korrekt
32.319 Itzehoe
100%
10.987 Glückstadt
90%
4.389 Wilster
80%
8.313 Kellinghusen
70%
5.972 Hohenlockstedt
60%
2.769 Lägerdorf
60%
2.110 Wacken
60%
2.429 Krempe
50%
2.293 Kremperheide
50%
2.753 Schenefeld
50%
2.128 Brokstedt
40%
5.930 Horst (Holstein)
40%
2.218 Kiebitzreihe
40%
2.432 Wrist
40%
1.972 Hohenaspe
30%
Keine übereinstimmenden Quizze gefunden
Verteilung der Resultate
Anzahl Personen mit jedem Resultat
Perzentil nach korrekt beantworteten Fragen
Ihre Resultats-Entwicklung
Sie haben dieses Quiz noch nicht gespielt